Ρομποτική, όραση και έλεγχος : θεμελιώδεις αλγόριθμοι στο Matlab

Αποθηκεύτηκε σε:
Λεπτομέρειες βιβλιογραφικής εγγραφής
Κύριος συγγραφέας: Corke, Peter
Μορφή: Βιβλίο
Γλώσσα:Greek
English
Δημοσίευση: Αθήνα : Fountas, [2020].
Έκδοση:2η έκδ. Ανάθ., επαυξ.
Θέματα:
Ετικέτες: Προσθήκη ετικέτας
Δεν υπάρχουν, Καταχωρήστε ετικέτα πρώτοι!

MARC

LEADER 00000cam a2200000 a 4500
001 1/124596
008 220330s2020####gr | ||| |||| ||gre||
020 |a 9789603307976 
040 |a GR-MyUa  |b gre  |c GR-MyUa  |e AACR2 
041 1 |a gre  |h eng 
082 7 |a 629.892  |2 (23) 
100 1 |a Corke, Peter. 
245 1 0 |a Ρομποτική, όραση και έλεγχος :   |b θεμελιώδεις αλγόριθμοι στο Matlab /   |c Peter Corke.  
250 |a 2η έκδ. Ανάθ., επαυξ.  
260 |a Αθήνα :   |b Fountas,   |c [2020].  
300 |a 772 σ. :   |b σχέδια ;   |c 28 εκ.  
500 |a Τίτλος πρωτοτύπου: Robotics, Vision and Control.  
504 |a Βιβλιογραφία: σ. 755- 768.  
650 0 |a Robotics. 
650 0 |a Artificial intelligence. 
650 0 |a Automation. 
650 0 |a Optical data processing. 
650 0 |a Image processing. 
650 0 |a Speech processing systems. 
852 |a INST  |b SAMOS  |e 20220328  |h 629.892 COR  |p 005300046983  |q 005300046983  |t BK  |y 0 
920 |a Εύδοξος  |b Παραγγελία  |y Σάμος-ΤΜΠΕΣ  |z 2021-12 
970 |a Φιλιππή  |b Φάλη  |z 30-03-2022